| 000 | 00354nam a22001457a 4500 | ||
|---|---|---|---|
| 008 | 210312b ||||| |||| 00| 0 eng d | ||
| 020 | _a9780078025365 | ||
| 041 | _aeng | ||
| 080 |
_28th _a330.722.6 |
||
| 082 |
_28th _a330.722.6 |
||
| 100 | _a61 | ||
| 101 | _aKF | ||
| 245 |
_aFundamental Financial Accounting Concepts _cEdmonds,P.TH |
||
| 942 |
_2udc _cBK |
||
| 999 |
_c56477 _d56477 |
||